The noble scholar, jurist, historian


 His Excellency Dr. Abdul Wahhab bin Ibrahim Abu Sulaiman, may Allah have mercy on him.


 He was born in Umm Al-Qura in the year 1356 AH.

الشيخ العلامة عبد الرزاق عفيفي : (Record no. 9770)

MARC details
000 -LEADER
fixed length control field 01178cam a22002651i 4500
003 - CONTROL NUMBER IDENTIFIER
control field SA-RiAUC
005 - DATE AND TIME OF LATEST TRANSACTION
control field 20250711123457.0
008 - FIXED-LENGTH DATA ELEMENTS--GENERAL INFORMATION
fixed length control field 250711s1997 su g 000 0bara c
040 ## - CATALOGING SOURCE
Original cataloging agency SA-MAUQU
Language of cataloging ara
Transcribing agency SA-RiAUC
Description conventions rda
082 04 - DEWEY DECIMAL CLASSIFICATION NUMBER
Classification number 922.113
Assigning agency SA-RiAUC
090 ## - LOCALLY ASSIGNED LC-TYPE CALL NUMBER (OCLC); LOCAL CALL NUMBER (RLIN)
Classification number (OCLC) (R) ; Classification number, CALL (RLIN) (NR) 922.113
Local cutter number (OCLC) ; Book number/undivided call number, CALL (RLIN) ا ح م
100 1# - MAIN ENTRY--PERSONAL NAME
Personal name أحمد، محمد بن أحمد سيد،
Dates associated with a name 1968-
Relator term مؤلف.
245 12 - TITLE STATEMENT
Title الشيخ العلامة عبد الرزاق عفيفي :
Remainder of title حياته العلمية، وجهوده الدعوية، وآثاره الحميدة /
Statement of responsibility, etc. محمد بن أحمد سيد أحمد ؛ تقديم جماعة من كبار العلماء.
250 ## - EDITION STATEMENT
Edition statement الطبعة الأولى.
264 #1 - PRODUCTION, PUBLICATION, DISTRIBUTION, MANUFACTURE, AND COPYRIGHT NOTICE
Place of production, publication, distribution, manufacture الرياض :‏
Name of producer, publisher, distributor, manufacturer المكتب الإسلامي،‏
Date of production, publication, distribution, manufacture, or copyright notice ‏1997
300 ## - PHYSICAL DESCRIPTION
Extent مجلد ؛
Dimensions 24 سم
336 ## - CONTENT TYPE
Content type term نص
Content type code txt
Source rdacontent
Materials specified كتاب
337 ## - MEDIA TYPE
Media type term بدون وسيط
Media type code n
Source rdamedia
338 ## - CARRIER TYPE
Carrier type term مجلد
Carrier type code nc
Source rdacarrier
600 17 - SUBJECT ADDED ENTRY--PERSONAL NAME
Personal name عفيفي، عبد الرزاق،
Dates associated with a name 1905-1994
Source of heading or term aucnm
650 #7 - SUBJECT ADDED ENTRY--TOPICAL TERM
Topical term or geographic name entry element الدعاة المصريون
Form subdivision تراجم
Source of heading or term aucsh
650 #7 - SUBJECT ADDED ENTRY--TOPICAL TERM
Topical term or geographic name entry element الفقهاء المصريون
Form subdivision تراجم
Source of heading or term aucsh
942 ## - ADDED ENTRY ELEMENTS (KOHA)
Source of classification or shelving scheme Dewey Decimal Classification
Koha item type Books
949 ## - LOCAL PROCESSING INFORMATION (OCLC)
a SA-JeALM
d 250711
u khaled123
n 1
Holdings
Withdrawn status Lost status Source of classification or shelving scheme Materials specified (bound volume or other part) Damaged status Not for loan Home library Current library Date acquired Total checkouts Full call number Barcode Date last seen Price effective from Koha item type
    Dewey Decimal Classification الجزء الأول     DR AbdElwahab Library DR AbdElwahab Library 07/11/2025   922.113 ا ح م 000015913 07/11/2025 07/11/2025 Books
    Dewey Decimal Classification الجزء الثاني     DR AbdElwahab Library DR AbdElwahab Library 07/11/2025   922.113 ا ح م 000015914 07/11/2025 07/11/2025 Books